00486nam a22001817a 450000500170000001000150001702000260003203500140005803700090007208200110008110000210009224500420011325000060015526000390016127000780020030000200027876000060029820250317150351.0 aENG-144100 a9789358114362c450.00 aEN-127632 aDBAD a88121 aPaul, Asim Kumar aLiving With Rainbow/cAsim Kumar Paul a1 aWest BengalbAsim Kumar Paulc2023 aGopalNagar, Jhapatapur, Kharagpur, Paschim MedinipurbWest Bengale721301 a144p.c21cm(pb) b1